00818cam a2200205 a 450000100100000000500170001000800410002702000150006804000300008308200170011310000240013024501530015426000850030730000210039250400550041365000300046865000350049865000300053360000490056300001403520260521144507.0970319s1996 ve b 000 0 spa  a9803251228 aDO-SdBNPbspacDLCdBNPHU a121.4bG771p1 aGraterol, Martín.10aParadigmas y creación de conocimiento en naciones neocoloniales :bcuando los paradigmas transferidos dificultan ver lo dado /cMartín Graterol. aCaracas, Venezuela :bUniversidad de Carabobo,bFondo Editorial Tropykos,c1996. a207 p. ;c21 cm. aIncluye referencias bibliográficas (p. 199-207). 4aTeoría del conocimiento 4aParadigmas (ciencias sociales) 0aFilosofía de la ciencia14aPopper, Karl R.q(Karl Raimund),d1902-1994.